Manchester Airport plc v Dutton and others. (Record no. 60839)
[ view plain ]
| 000 -LEADER | |
|---|---|
| fixed length control field | 01061cam a2200169 4500 |
| 001 - CONTROL NUMBER | |
| control field | ABS61149 |
| 008 - FIXED-LENGTH DATA ELEMENTS--GENERAL INFORMATION | |
| fixed length control field | 000000n1999 000 0 eng u |
| 035 ## - SYSTEM CONTROL NUMBER | |
| System control number | (Sirsi) u101714 |
| 245 ## - TITLE STATEMENT | |
| Title | Manchester Airport plc v Dutton and others. |
| 260 ## - PUBLICATION, DISTRIBUTION, ETC. | |
| Date of publication, distribution, etc. | 1999 |
| 490 ## - SERIES STATEMENT | |
| Series statement | Weekly Law Reports |
| Volume/sequential designation | [1999] 32 WLR, 524-540(17) |
| 520 ## - SUMMARY, ETC. | |
| Summary, etc. | CA 5 February 1999. Plaintiff (M) was granted a licence to occupy woods and carry out construction work in them to build an airport runway. M needed to fell trees to reduce obstacles in the flight path. The defendants (D), in opposition to this development, entered the woods three days before the work began (without permission) with the intention of making it impossible for the works to be carried out. M was granted a RSC Order 113 (order of possession). D appealed on the grounds that M did not have sufficient interest in the wood to permit the granting of an exclusive possession order. Appeal dismissed. |
| 650 ## - SUBJECT ADDED ENTRY--TOPICAL TERM | |
| Topical term or geographic name entry element | AIRPORTS |
| 650 ## - SUBJECT ADDED ENTRY--TOPICAL TERM | |
| Topical term or geographic name entry element | BUILT ENVIRONMENT |
| 690 ## - LOCAL SUBJECT ADDED ENTRY--TOPICAL TERM (OCLC, RLIN) | |
| Topical term or geographic name as entry element | PROPERTY LAW AND PRACTICE-CASE LAW |
| 942 ## - ADDED ENTRY ELEMENTS (KOHA) | |
| Suppress in OPAC | 0 |
| Withdrawn status | Lost status | Source of classification or shelving scheme | Damaged status | Not for loan | Home library | Current library | Shelving location | Date acquired | Total Checkouts | Full call number | Barcode | Date last seen | Copy number | Price effective from | Koha item type |
|---|---|---|---|---|---|---|---|---|---|---|---|---|---|---|---|
| Dewey Decimal Classification | London | London | Journal article | 10/11/1999 | ABS61149 | 101714-1001 | 06/08/2019 | 1 | 06/08/2019 | Journal article |